[Event "Saarland-ch A"]
[Site "Schiffweiler"]
[Date "2009.04.05"]
[Round "3"]
[White "Korusiewicz, Peter"]
[Black "Diwo, Michael"]
[Result "1-0"]
[WhiteElo "1696"]
[BlackElo "1703"]
[PlyCount "53"]
[EventDate "2009.04.03"]
[EventType "swiss"]
[EventRounds "9"]
[EventCountry "GER"]
[SourceTitle "EXT 2012"]
[Source "ChessBase"]
[SourceDate "2011.11.24"]
[SourceVersion "1"]
[SourceVersionDate "2011.11.24"]
[SourceQuality "1"]

1. e4 c5 2. Nf3 Nc6 3. d4 cxd4 4. Nxd4 g6 5. Nc3 Bg7 6. Be3 Nf6 7. f3 0-0 8. Qd2 d5 9. 0-0-0 Nxd4 10. Bxd4 Qa5 11. e5 Nd7 12. f4 Nb8 13. e6 Bxe6 14. Bxg7 Kxg7 15. h4 Nc6 16. h5 Rfd8 17. hxg6 Bf5 18. g4 d4 19. Rxh7+ Kf6 20. gxf5 fxg6 21. Ne4+ Kxf5 22. Bh3+ Kxe4 23. Qg2+ Kxf4 24. Qg4+ Ke5 25. Qe6+ Kf4 26. Rf1+ Kg3 27. Qg4+ 1-0

[Event "Saarland-ch C"]
[Site "Saarlouis Steinrausch"]
[Date "2005.03.26"]
[Round "9"]
[White "Ganssauge, Wolfgang"]
[Black "Korusiewicz, Peter"]
[Result "1-0"]
[WhiteElo "1436"]
[BlackElo "1398"]
[PlyCount "47"]
[EventDate "2005.03.18"]
[EventType "swiss"]
[EventRounds "9"]
[EventCountry "GER"]
[SourceTitle "EXT 2012"]
[Source "ChessBase"]
[SourceDate "2011.11.24"]
[SourceVersion "1"]
[SourceVersionDate "2011.11.24"]
[SourceQuality "1"]

1. e4 e5 2. Nf3 Nc6 3. Bb5 a6 4. Ba4 b5 5. Bb3 Nf6 6. 0-0 Bc5 7. Re1 0-0 8. c3 d6 9. h3 Bb7 10. d4 exd4 11. cxd4 Bb6 12. Bg5 h6 13. Bh4 Re8 14. Nc3 Ne7 15. Bxf6 gxf6 16. Nh4 Bc8 17. Qh5 Kh7 18. Qxf7+ Kh8 19. Qxf6+ Kh7 20. Qf7+ Kh8 21. Ng6+ Nxg6 22. Qxg6 Re7 23. Qf6+ Kh7 24. Nd5 1-0

[Event "Saarland-ch C"]
[Site "Saarlouis Steinrausch"]
[Date "2005.03.23"]
[Round "6"]
[White "Korusiewicz, Peter"]
[Black "Sonnhalter, Stella"]
[Result "1/2-1/2"]
[WhiteElo "1398"]
[BlackElo "1116"]
[PlyCount "92"]
[EventDate "2005.03.18"]
[EventType "swiss"]
[EventRounds "9"]
[EventCountry "GER"]
[SourceTitle "EXT 2012"]
[Source "ChessBase"]
[SourceDate "2011.11.24"]
[SourceVersion "1"]
[SourceVersionDate "2011.11.24"]
[SourceQuality "1"]

1. e4 c5 2. Nf3 Nc6 3. d4 cxd4 4. Nxd4 g6 5. Be3 Bg7 6. Nc3 Nf6 7. f3 Qb6 8. Qd2 Nxe4 9. Nxe4 Nxd4 10. Bxd4 Qxd4 11. Qxd4 Bxd4 12. 0-0-0 Be5 13. h4 0-0 14. h5 gxh5 15. Rxh5 Bf4+ 16. Kb1 d6 17. g3 Be5 18. Bd3 f6 19. Rdh1 Rf7 20. f4 Bd4 21. Bc4 e6 22. Nxd6 Re7 23. Nf5 Rc7 24. Nd6 Kh8 25. Nxc8 Raxc8 26. Bxe6 Re8 27. Bf5 Ree7 28. Rh6 Bf2 29. Rxf6 Re1+ 30. Rxe1 Bxe1 31. g4 Kg7 32. Re6 Bg3 33. Re4 h6 34. Kc1 Bh4 35. Re6 Bg3 36. Rg6+ Kf7 37. c3 Bxf4+ 38. Kc2 Re7 39. Bd3 Rd7 40. Bf5 Rd2+ 41. Kb1 Rg2 42. Re6 Rg1+ 43. Kc2 Rg2+ 44. Kb1 Rg1+ 45. Kc2 Rg2+ 46. Kb3 Bc1 1/2-1/2

[Event "Saarland-ch C"]
[Site "Saarlouis Steinrausch"]
[Date "2005.03.21"]
[Round "4"]
[White "Korusiewicz, Peter"]
[Black "Gross, Hans Robert"]
[Result "1/2-1/2"]
[WhiteElo "1398"]
[BlackElo "1473"]
[PlyCount "56"]
[EventDate "2005.03.18"]
[EventType "swiss"]
[EventRounds "9"]
[EventCountry "GER"]
[SourceTitle "EXT 2012"]
[Source "ChessBase"]
[SourceDate "2011.11.24"]
[SourceVersion "1"]
[SourceVersionDate "2011.11.24"]
[SourceQuality "1"]

1. e4 e6 2. d4 d5 3. exd5 exd5 4. c4 Be6 5. b3 Nf6 6. Nf3 h6 7. Be2 Bb4+ 8. Bd2 Nc6 9. 0-0 0-0 10. Ne5 Bxd2 11. Nxc6 bxc6 12. Nxd2 Re8 13. c5 Bf5 14. Nf3 Ne4 15. Bd3 Nc3 16. Qc2 Ne2+ 17. Kh1 Bxd3 18. Qxd3 Qf6 19. Rfe1 Nf4 20. Qd2 Re4 21. Ne5 Re8 22. f3 Rxe1+ 23. Rxe1 Ng6 24. Nxg6 Rxe1+ 25. Qxe1 Qxg6 26. h3 Qc2 27. Qe8+ Kh7 28. Qxc6 Qc1+ 1/2-1/2

[Event "Saarland-ch C"]
[Site "Saarlouis Steinrausch"]
[Date "2005.03.19"]
[Round "2"]
[White "Korusiewicz, Peter"]
[Black "Bastian, Simon"]
[Result "1-0"]
[WhiteElo "1398"]
[BlackElo "1099"]
[PlyCount "73"]
[EventDate "2005.03.18"]
[EventType "swiss"]
[EventRounds "9"]
[EventCountry "GER"]
[SourceTitle "EXT 2012"]
[Source "ChessBase"]
[SourceDate "2011.11.24"]
[SourceVersion "1"]
[SourceVersionDate "2011.11.24"]
[SourceQuality "1"]

1. e4 e5 2. Nf3 Nc6 3. d4 exd4 4. Nxd4 Nf6 5. Nc3 Bc5 6. Be3 0-0 7. Nxc6 bxc6 8. Bxc5 Re8 9. Bd3 d6 10. Be3 Bg4 11. f3 Bh5 12. 0-0 d5 13. Bc5 Re5 14. Bd4 Rg5 15. Qd2 dxe4 16. Bxf6 Qxf6 17. Nxe4 Qd4+ 18. Kh1 Rg6 19. Ng3 Qd6 20. Nxh5 Rh6 21. Ng3 Qxg3 22. h3 Re8 23. Qf2 Qd6 24. Rad1 Qf4 25. Qxa7 Qg3 26. Qf2 Qf4 27. Rfe1 Rb8 28. Re4 Qg5 29. Rde1 Rf8 30. Qe3 Qg3 31. Rg4 Rxh3+ 32. gxh3 Qxh3+ 33. Kg1 h5 34. Rxg7+ Kxg7 35. Qg5+ Kh8 36. Qh6+ Kg8 37. Qh7# 1-0